Deregulation of interest rates / (Record no. 138613)

MARC details
000 -LEADER
fixed length control field 00594nam a22001937a 4500
005 - DATE AND TIME OF LATEST TRANSACTION
control field 20170331160244.0
010 ## - LCCN (DPL NO)
LC control number ENG-117680
020 ## - INTERNATIONAL STANDARD BOOK NUMBER
International Standard Book Number 9788184846317
Terms of availability 680.00
035 ## - SYSTEM CONTROL NUMBER
System control number EN-101212
037 ## - SOURCE OF ACQUISITION
Source of stock number/acquisition DABD/PUB
082 ## - DEWEY DECIMAL CLASSIFICATION NUMBER
Classification number 332.80954
100 ## - MAIN ENTRY--PERSONAL NAME
Personal name Mohinder Kaur
245 ## - TITLE STATEMENT
Title Deregulation of interest rates /
Statement of responsibility, etc by Mohinder Kaur
260 ## - PUBLICATION, DISTRIBUTION, ETC. (IMPRINT)
Place of publication, distribution, etc New Delhi
Name of publisher, distributor, etc Regal Publication
Date of publication, distribution, etc 2016
270 ## - ADDRESS
Address F-159, Rajouri Garden,
City New Delhi
Postal code 110027
300 ## - PHYSICAL DESCRIPTION
Extent xii,147p.
Dimensions 22cm(Hb)
500 ## - GENERAL NOTE
General note Includes bibliographical references and index
942 ## - ADDED ENTRY ELEMENTS (KOHA)
Source of classification or shelving scheme Dewey Decimal Classification
Item type English Books
Classification part 332.80954
Call number suffix MON
Holdings
Withdrawn status Lost status Not for loan Collection code Home library Current library Date acquired Source of acquisition Cost, normal purchase price Full call number Barcode Copy number Cost, replacement price Koha item type
    Not For Loan Non-fiction D.B.Act.Division Bawana 31/03/2017 DBAD/PUB 680.00 332.80954 MON EN-101212 1 680.00 English Books

© Delhi Public Library
Hit Counter
free hit counter